Słynne memy, filmiki i gwiazdy internetu - Statystyki

Ogólne statystyki
  • Ten quiz został rozwiązany 868 razy
  • Średni wynik to 4 z 15
Statystyki odpowiedzi
Opis Odpowiedź % Poprawnych
Legendarna reakcja na uderzenie jednego samochodu o inny samochód Ale urwał
65%
Okrzyk, który zachęca pana Pawła, słynnego rowerowego akrobatę-amatora, do wykonania skoku jego życia To już się kameruje
59%
Niezbyt uprzejma prośba o podanie do ręki kawałka bliżej nieokreślonej skały Daj kamienia
46%
Legendy głoszą, że jest tak męski, że nawet jego broda ma brodę Chuck Norris
39%
Wyjaśnienia małego chłopca, dlaczego nie odważył się wejść do rury ściekowej Ja się trochę cykam
30%
Kot z miną, jakby widział już w życiu zbyt wiele głupoty Grumpy Cat
28%
Mocno ujarany facet, którego zabawne teksty są równie zabawne co bez sensu Zjarany Zbyszek
22%
Na codzień kompletny tchórz, lecz drzemie w nim tak wielki potencjał, że ledwie 3% jego mocy mogłoby zniszczyć wszechświat Ultra Instinct Shaggy
16%
Dość znana postać z gry komputerowej firmy Sega, po zdecydowanie zbyt długim pobycie w środkowej Afryce Uganda Knuckles
14%
Widzisz tą twarz za każdym razem, kiedy coś ci się nie uda. I nie jest to twarz pocieszenia Trollface
12%
Twórca jednego z najlepszych polskich serii filmów, czyli Wielkich mixów Youtube'a SooldierPL
10%
Tytuł tej piosenki jest odpowiedzią na wszystko Darude - Sandstorm
6%
Te słowa wypowiadał He-Man w refrenie tęczowej piosenki Heyeyeye
6%
Drapieżnik z epoki Kredy, który rozmyśla nad największymi zagadkami ludzkości Filozoraptor
2%
Gdy potargasz mu grzywę, zmieni się w odrzutowiec AMAZING HORSE
1%
Nie znaleziono quizów pasujących do podanych kryteriów
Rozkład punktacji
Procent ludzi z każdym wynikiem
Percentyl według liczby udzielonych odpowiedzi
Twoja historia wyników
Nie rozwiązałeś tego quizu